000 00494nam a2200181Ia 4500
003 GCL
008 140319s9999 xx 000 0 eng d
040 _aGCL /
_cGCL
082 0 4 _a331
_bS T
100 1 _aSHEPHERD, WILLIAM
245 1 0 _aTHE ECONOMICS OF INDUSTRIAL ORGANIZATION /
_cSHEPHERD, WILLIAM
260 _a[S.N] :
_bPRANTICE - HALL INTERNATINAL, IN C ،
_c1990
300 _a566 P
650 0 4 _aECONOMICS
650 0 4 _aINDUSTRY - TEXTILES
650 0 4 _aINDUSTRY
942 _2ddc
_cBK
999 _c16687
_d16687